Library Banner

(پاکستان کا نیا سیاسی نظام اور مقامی حکومتوں کا کردار)Pakistan ka niya siyaasi nazam aur maqami hokumaton ka kardar (Urdu) (Record no. 65482)

MARC details
000 -LEADER
fixed length control field 00718nam a2200205Ia 4500
001 - CONTROL NUMBER
control field 64333
003 - CONTROL NUMBER IDENTIFIER
control field OSt
005 - DATE AND TIME OF LATEST TRANSACTION
control field 20160309142448.0
008 - FIXED-LENGTH DATA ELEMENTS--GENERAL INFORMATION
fixed length control field 150204s9999 xx 000 0 und d
020 ## - INTERNATIONAL STANDARD BOOK NUMBER
International Standard Book Number NA
040 ## - CATALOGING SOURCE
Transcribing agency PK-LaUMT
082 ## - DEWEY DECIMAL CLASSIFICATION NUMBER
Classification number 320.95491
Item number SAL-P
100 ## - MAIN ENTRY--PERSONAL NAME
Personal name Salman Abid
245 ## - TITLE STATEMENT
Title (پاکستان کا نیا سیاسی نظام اور مقامی حکومتوں کا کردار)Pakistan ka niya siyaasi nazam aur maqami hokumaton ka kardar (Urdu)
Statement of responsibility, etc (سلمان عابد)Salman Abid
260 ## - PUBLICATION, DISTRIBUTION, ETC. (IMPRINT)
Place of publication, distribution, etc (لاہور، پاکستان)Lahore,Pakistan:
Name of publisher, distributor, etc (جمہوری پبلیکیشنز)Jumhoori Publications,
Date of publication, distribution, etc 2007
300 ## - PHYSICAL DESCRIPTION
Extent 159 p.
546 ## - LANGUAGE NOTE
Language note UR
650 ## - SUBJECT ADDED ENTRY--TOPICAL TERM
Topical term or geographic name as entry element Politics-Pakistan
942 ## - ADDED ENTRY ELEMENTS (KOHA)
Koha item type Books
Source of classification or shelving scheme Dewey Decimal Classification
Holdings
Withdrawn status Lost status Damaged status Not for loan Home library Current library Date acquired Total Checkouts Full call number Barcode Date last seen Date checked out Price effective from Koha item type
        UMT Main Campus UMT Main Campus 2015-02-04 4 320.95491 SAL-P 88677 2022-12-08 2022-09-16 2015-02-04 Books